Authoritarianism : (Record no. 29300)

MARC details
000 -LEADER
fixed length control field 01782cam a2200349 i 4500
001 - CONTROL NUMBER
control field 20509216
003 - CONTROL NUMBER IDENTIFIER
control field EG-ScBUE
005 - DATE AND TIME OF LATEST TRANSACTION
control field 20210802124152.0
008 - FIXED-LENGTH DATA ELEMENTS--GENERAL INFORMATION
fixed length control field 180524t2018 nyua f b 001 0 eng d
020 ## - INTERNATIONAL STANDARD BOOK NUMBER
International Standard Book Number 9780190880200
040 ## - CATALOGING SOURCE
Original cataloging agency DLC
Language of cataloging eng
Description conventions rda
Transcribing agency DLC
Modifying agency DLC
-- EG-ScBUE
082 04 - DEWEY DECIMAL CLASSIFICATION NUMBER
Classification number 321.9
Item number FRA
Edition number 22
100 1# - MAIN ENTRY--PERSONAL NAME
Personal name Frantz, Erica,
Relator term author.
9 (RLIN) 27429
245 10 - TITLE STATEMENT
Title Authoritarianism :
Remainder of title what everyone needs to know /
Statement of responsibility, etc Erica Frantz.
264 #1 - PUBLICATION, DISTRIBUTION, ETC. (IMPRINT)
Place of publication, distribution, etc New York, NY :
Name of publisher, distributor, etc Oxford University Press,
Date of publication, distribution, etc [2018]
264 #4 - PUBLICATION, DISTRIBUTION, ETC. (IMPRINT)
Date of publication, distribution, etc c2018
300 ## - PHYSICAL DESCRIPTION
Extent ix, 188 pages :
Other physical details illustrations ;
Dimensions 23 cm.
336 ## - CONTENT TYPE
Content type term text
Content type code txt
Source rdacontent
337 ## - MEDIA TYPE
Media type term unmediated
Media type code n
Source rdamedia
338 ## - CARRIER TYPE
Carrier type term volume
Carrier type code nc
Source rdacarrier
490 0# - SERIES STATEMENT
Series statement Language and literacy series
504 ## - BIBLIOGRAPHY, ETC. NOTE
Bibliography, etc Includes bibliographical references and index.
505 2# - FORMATTED CONTENTS NOTE
Formatted contents note Introduction -- Understanding authoritarian politics -- The authoritarian landscape -- Authoritarian leadership -- Authoritarian regime types -- How authoritarian regimes gain power -- Strategies for survival -- How authoritarian regimes fall and what comes next -- Conclusion.
650 #7 - SUBJECT ADDED ENTRY--TOPICAL TERM
Topical term or geographic name as entry element Authoritarianism.
Source of heading or term BUEsh
653 ## - INDEX TERM--UNCONTROLLED
Resource For college BAEPS, Political Science
Arrived date list August2021
655 ## - INDEX TERM--GENRE/FORM
Form subdivision Reading book
9 (RLIN) 34232
776 08 - ADDITIONAL PHYSICAL FORM ENTRY
Display text Online version:
Main entry heading Frantz, Erica, author.
Title Authoritarianism
Place, publisher, and date of publication New York : Oxford University Press, [2018]
International Standard Book Number 9780190880217
Record control number (DLC) 2018039997
906 ## - LOCAL DATA ELEMENT F, LDF (RLIN)
a 7
b cbc
c orignew
d 1
e ecip
f 20
g y-gencatlg
942 ## - ADDED ENTRY ELEMENTS (KOHA)
Source of classification or shelving scheme Dewey Decimal Classification
Koha item type Book - Borrowing
Holdings
Withdrawn status Lost status Source of classification or shelving scheme Damaged status Not for loan Collection code Home library Current library Shelving location Date acquired Source of acquisition Cost, normal purchase price Serial Enumeration / chronology Total Checkouts Total Renewals Full call number Barcode Date last seen Date checked out Cost, replacement price Price effective from Koha item type
    Dewey Decimal Classification     Baccah Central Library Central Library First floor 02/08/2021 Purchase 297.00 35755 1 5 321.9 FRA 000050467 29/03/2026 25/02/2026 371.25 02/08/2021 Book - Borrowing